Central Library OPAC University of Rajshahi

কিংবদন্তির বাংলা / (Record no. 65745)

MARC details
000 -LEADER
fixed length control field 00773nam a2200217 a 4500
001 - CONTROL NUMBER
control field 65745
003 - CONTROL NUMBER IDENTIFIER
rucl marc code BD-RjUL
005 - DATE AND TIME OF LATEST TRANSACTION
control field 20211209081447.0
008 - FIXED-LENGTH DATA ELEMENTS--GENERAL INFORMATION
fixed length control field 170311s1975 b ||||| |||| 00| 0 b d
035 ## - SYSTEM CONTROL NUMBER
System control number (BD-RjUL)65875
040 ## - CATALOGING SOURCE
Original cataloging agency BD-RjUL
Language of cataloging ben
Transcribing agency BD-RjUL
Modifying agency BD-RjUL
041 ## - LANGUAGE CODE
Language code of text/sound track or separate title ben
082 ## - DEWEY DECIMAL CLASSIFICATION NUMBER
Edition number 23
Classification number 891.443
Author mark and year SHC 1975
100 ## - MAIN ENTRY--PERSONAL NAME
Personal name সিদ্দিকী, আশরাফ
9 (RLIN) 194421
245 ## - TITLE STATEMENT
Title কিংবদন্তির বাংলা /
Statement of responsibility, etc. আশরাফ সিদ্দিকী
260 ## - PUBLICATION, DISTRIBUTION, ETC. (IMPRINT)
Place of publication, distribution, etc. ঢাকা :
Name of publisher, distributor, etc. আহমদ পাবলিশিং হাউস,
Date of publication, distribution, etc. ১৯৭৫
300 ## - PHYSICAL DESCRIPTION
Pagination ২১৫ পৃ. ;
Size ১৮ সেমি,
650 ## - SUBJECT ADDED ENTRY--TOPICAL TERM
Topical term or geographic name as entry element বাংলা উপন্যাস
9 (RLIN) 170454
Topical term or geographic name as entry element Bengali Fictions
9 (RLIN) 170515
942 ## - ADDED ENTRY ELEMENTS (KOHA)
Source of classification or shelving scheme Dewey Decimal Classification
Koha item type Books
Holdings
Lost status Source of classification or shelving scheme Damaged status Not for loan Collection code Permanent Location Current Location Shelving location Date acquired Source of acquisition Cost, normal purchase price Total Checkouts Full call number Date last seen Copy number Koha item type
  Dewey Decimal Classification   Not For Loan Fiction Central Library, University of Rajshahi Central Library, University of Rajshahi Reading Room 24/07/1976 karim International 18.00   B 891.443 SHC 1975 11/03/2017 C-1 Books